| 000 | 00312 a2200133 4500 | ||
|---|---|---|---|
| 001 | 38008 | ||
| 082 | _a670.42 KAL | ||
| 090 |
_c24187 _d24187 |
||
| 100 | _aKalpakjian Serope | ||
| 245 | _aManufacturing engineering and technology, 3rd Ed | ||
| 250 | _a3 | ||
| 260 |
_aNY _bAAS _c1995 |
||
| 500 | _aIE textbook | ||
| 942 |
_aNUST-CAE _k670.42 KAL |
||
| 999 |
_c273081 _d273081 |
||